000 00551pab a2200205 454500
008 180718b2007 xxu||||| |||| 00| 0 eng d
100 _aFaggian, Alessandra
245 _aHuman capital, higher education and graduate migration: an analysis of Scottish and Welsh students
260 _c2007
300 _ap.2511-528.
362 _aDec
650 _aHuman capital
650 _aMigration
650 _aHigher education
700 _aSheppard, Stephen
700 _aMcCann, Philip
773 _aUrban Studies
908 _aN
909 _a77106
999 _c77106
_d77106